000 00528cam a22002054a 4500
005 20250605164255.0
008 250528s ||||||||||||||||||||||||d
035 _a21891
020 _a9780077092337
040 _aGR-AtMCL
_bgre
_dGR-AtMCL
_eAACR2
245 1 _aINFORMATION SYSTEMS DEVELOPMENT: METHODOLOGIES, TECHNIQUES AND TOOLS
250 _a2
260 _bMcgraw Hill,
_c1995
300 _a505
700 1 _aAvison David
_91496
700 1 _aFitzgerald G
_91497
942 _cBK
999 _c6949
_d6949